[Event "Buskerud-ch op"]
[Site "Konnerud"]
[Date "2018.06.17"]
[Round "3"]
[White "Aarnes, Carl Christian"]
[Black "Brobakken, Lars Erik"]
[Result "0-1"]
[WhiteElo "1794"]
[BlackElo "1792"]
[PlyCount "102"]
[EventDate "2018.06.16"]
[EventType "swiss"]
[EventRounds "5"]
[EventCountry "NOR"]
[SourceTitle "EXT 2024"]
[Source "ChessBase"]
[SourceDate "2023.10.10"]
[SourceVersion "1"]
[SourceVersionDate "2023.10.10"]
[SourceQuality "1"]

1. d4 Nf6 2. Nf3 g6 3. g3 b5 4. Bg2 Bb7 5. a4 b4 6. c3 bxc3 7. Nxc3 Bg7 8. 0-0 0-0 9. Qb3 Qc8 10. Bd2 d6 11. Rac1 Ne4 12. Bf4 Nd7 13. Nb5 c5 14. Rfd1 a6 15. Na3 Rb8 16. Qd3 Qd8 17. b3 cxd4 18. Nxd4 Nec5 19. Qc2 Bxg2 20. Kxg2 Bxd4 21. Rxd4 e5 22. Rxd6 exf4 23. Rcd1 Qe7 24. Qc4 Rfd8 25. b4 Nxa4 26. Qxf4 Nf8 27. Nc4 Nc3 28. Rxd8 Rxd8 29. Rxd8 Qxd8 30. Nd6 Qe7 31. e4 Nb5 32. Nc8 Qc7 33. Qxc7 Nxc7 34. Ne7+ Kg7 35. f4 Nd7 36. Kf3 Nb6 37. Ke3 Kf6 38. Nc6 Ke6 39. Nd8+ Ke7 40. Nc6+ Kd6 41. Ne5 Ke6 42. Kd4 Na4 43. Nc6 Kd6 44. Nd8 Ne6+ 45. Nxe6 fxe6 46. g4 e5+ 47. Ke3 exf4+ 48. Kxf4 h6 49. h4 Ke6 50. e5 Nc3 51. g5 h5 0-1

[Event "Konnerud GP"]
[Site "Konnerud"]
[Date "2017.11.18"]
[Round "3"]
[White "Aarnes, Carl Christian"]
[Black "Helliesen, Lykke Merlot"]
[Result "1-0"]
[WhiteElo "1784"]
[BlackElo "1357"]
[PlyCount "75"]
[EventDate "2017.11.18"]
[EventType "swiss"]
[EventRounds "5"]
[EventCountry "NOR"]
[SourceTitle "EXT 2024"]
[Source "ChessBase"]
[SourceDate "2023.10.10"]
[SourceVersion "1"]
[SourceVersionDate "2023.10.10"]
[SourceQuality "1"]

1. d4 d5 2. Nf3 Nf6 3. g3 Bf5 4. Bg2 e6 5. 0-0 Bd6 6. Nh4 Bg6 7. c4 c6 8. Qb3 Qb6 9. c5 Qxb3 10. axb3 Bc7 11. Nxg6 hxg6 12. Nc3 Nbd7 13. f4 a6 14. b4 0-0-0 15. h3 Rh5 16. Kf2 Rdh8 17. Bd2 Re8 18. g4 Rhh8 19. Kf3 Rhf8 20. Rfe1 Nh7 21. e4 f6 22. exd5 exd5 23. Bf1 g5 24. Bd3 Rxe1 25. Rxe1 Rh8 26. Re7 gxf4 27. h4 Nhf8 28. Re8+ Bd8 29. Bxf4 Rxh4 30. Bf5 g6 31. Bc2 Nh7 32. Kg3 Rh1 33. Bxg6 Ng5 34. Kg2 Rh4 35. Bf5 Nf7 36. Na4 Nfe5 37. dxe5 Kc7 38. exf6+ 1-0

[Event "Oslo op"]
[Site "Fornebu"]
[Date "2017.10.04"]
[Round "7"]
[White "Aarnes, Carl Christian"]
[Black "Sjoberg, Isak"]
[Result "0-1"]
[WhiteElo "1809"]
[BlackElo "2078"]
[PlyCount "76"]
[EventDate "2017.09.29"]
[EventType "swiss"]
[EventRounds "10"]
[EventCountry "NOR"]
[SourceTitle "CBM 181 Extra"]
[Source "ChessBase"]
[SourceDate "2017.12.12"]
[SourceVersion "1"]
[SourceVersionDate "2017.12.12"]
[SourceQuality "1"]

1. d4 Nf6 2. Nf3 c5 3. e3 e6 4. Be2 cxd4 5. exd4 b6 6. 0-0 Bb7 7. c4 Be7 8. h3 0-0 9. Nc3 d6 10. Bf4 a6 11. Rc1 Nbd7 12. b4 Rc8 13. Qb3 d5 14. c5 Ne4 15. a4 f5 16. Rfd1 g5 17. Be5 Qe8 18. Bh2 g4 19. Ne5 g3 20. fxg3 Nxe5 21. Nxe4 fxe4 22. dxe5 bxc5 23. bxc5 Bc6 24. Bxa6 Bxa4 25. Qe3 Bxd1 26. Bxc8 Qxc8 27. c6 Ba4 28. Qa7 Bg5 29. Ra1 Qxc6 30. h4 Ra8 31. Qf2 Qc3 32. Qf1 Be3+ 33. Kh1 Rf8 34. Qb1 Bc2 35. Qa2 Qc4 36. Bg1 Qxa2 37. Rxa2 Bf2 38. Bxf2 Rxf2 0-1

[Event "Oslo op"]
[Site "Fornebu"]
[Date "2017.10.01"]
[Round "4"]
[White "Nielsen, Andre"]
[Black "Aarnes, Carl Christian"]
[Result "1-0"]
[WhiteElo "2162"]
[BlackElo "1809"]
[PlyCount "55"]
[EventDate "2017.09.29"]
[EventType "swiss"]
[EventRounds "10"]
[EventCountry "NOR"]
[SourceTitle "CBM 181 Extra"]
[Source "ChessBase"]
[SourceDate "2017.12.12"]
[SourceVersion "1"]
[SourceVersionDate "2017.12.12"]
[SourceQuality "1"]

1. e4 e6 2. d4 d5 3. Nc3 dxe4 4. Nxe4 Nf6 5. Nxf6+ gxf6 6. Nf3 Nc6 7. g3 Qd5 8. Bg2 Bd7 9. 0-0 Qh5 10. c3 0-0-0 11. b4 Nb8 12. a4 Bc6 13. b5 Bd5 14. Qe2 b6 15. a5 Qg4 16. axb6 axb6 17. h3 Qe4 18. Be3 h5 19. c4 Bb7 20. Nh4 Qh7 21. Bxb7+ Kxb7 22. Qf3+ Kc8 23. Ra8 Kd7 24. Bf4 Rc8 25. Rxb8 e5 26. Qc6+ Kd8 27. Rxc8+ Kxc8 28. Ra1 1-0

[Event "Oslo op"]
[Site "Fornebu"]
[Date "2017.09.30"]
[Round "2"]
[White "Selvik, Kjetil"]
[Black "Aarnes, Carl Christian"]
[Result "1/2-1/2"]
[WhiteElo "1517"]
[BlackElo "1809"]
[PlyCount "138"]
[EventDate "2017.09.29"]
[EventType "swiss"]
[EventRounds "10"]
[EventCountry "NOR"]
[SourceTitle "CBM 181 Extra"]
[Source "ChessBase"]
[SourceDate "2017.12.12"]
[SourceVersion "1"]
[SourceVersionDate "2017.12.12"]
[SourceQuality "1"]

1. d4 Nf6 2. Bf4 e6 3. Nf3 b6 4. e3 Bb7 5. c3 Be7 6. Nbd2 Nh5 7. Bg3 d6 8. Bd3 Nd7 9. e4 c5 10. Bb5 Nxg3 11. hxg3 a6 12. Bd3 h6 13. Qc2 Qc7 14. g4 0-0-0 15. 0-0-0 b5 16. Kb1 cxd4 17. Nxd4 Ne5 18. Be2 Bf6 19. Rc1 d5 20. exd5 Rxd5 21. f4 Nc6 22. Nxc6 Bxc6 23. Bf3 Rd7 24. Bxc6 Qxc6 25. g5 Be7 26. Ne4 b4 27. cxb4 Qxc2+ 28. Rxc2+ Rc7 29. Rxc7+ Kxc7 30. a3 Kc6 31. gxh6 Rxh6 32. Rc1+ Kd5 33. Nc5 a5 34. Na6 axb4 35. Nxb4+ Bxb4 36. axb4 Rf6 37. g3 g5 38. Rc5+ Kd6 39. Rxg5 Kc6 40. Kc2 Rh6 41. b5+ Kb6 42. b4 f5 43. Rg8 Kxb5 44. Kb3 Rh1 45. Rb8+ Kc6 46. Kc4 Re1 47. Rc8+ Kb6 48. Rc5 Re4+ 49. Kb3 Re3+ 50. Rc3 Re1 51. Ka4 Ra1+ 52. Ra3 Re1 53. Rc3 Ra1+ 54. Ra3 Re1 55. Rc3 e5 56. fxe5 Rxe5 57. Rf3 Rd5 58. Rf4 Re5 59. g4 fxg4 60. Rxg4 Re6 61. Rc4 Re1 62. Rc5 Ra1+ 63. Kb3 Rb1+ 64. Kc3 Rc1+ 65. Kd4 Rd1+ 66. Kc4 Rc1+ 67. Kd4 Rb1 68. Kc4 Rb2 69. Kc3 Rb1 1/2-1/2

[Event "Oslo op"]
[Site "Fornebu"]
[Date "2016.09.30"]
[Round "2"]
[White "Aarnes, Carl Christian"]
[Black "Wanvik, Tim"]
[Result "1-0"]
[WhiteElo "1803"]
[BlackElo "1520"]
[PlyCount "73"]
[EventDate "2016.09.30"]
[EventType "swiss"]
[EventRounds "9"]
[EventCountry "NOR"]
[SourceTitle "EXT 2018"]
[Source "ChessBase"]
[SourceDate "2017.10.13"]
[SourceVersion "1"]
[SourceVersionDate "2017.10.13"]
[SourceQuality "1"]

1. d4 e6 2. Nf3 d5 3. g3 Nf6 4. Bg2 c5 5. c3 Nc6 6. 0-0 Be7 7. Re1 h6 8. a3 b6 9. b4 Ba6 10. Qa4 Bb7 11. Ne5 Qd6 12. Bf4 Qd8 13. Nxc6 Qd7 14. b5 a6 15. Ne5 Qxb5 16. Qc2 cxd4 17. a4 Qa5 18. Bd2 Qc5 19. Qd3 dxc3 20. Bxc3 Rd8 21. Bd4 Qc7 22. Nd2 Bd6 23. Rec1 Bc5 24. Nb3 Rc8 25. a5 Qd6 26. axb6 Bxb6 27. Rxc8+ Bxc8 28. Rc1 Bb7 29. Nc5 Bxc5 30. Rxc5 0-0 31. Qc2 Ne4 32. Rc7 Qb4 33. Nf3 f6 34. Qb2 Qxb2 35. Bxb2 Rb8 36. Bh3 Bc8 37. Rxc8+ 1-0

[Event "Oslo Vederhus Memorial op B"]
[Site "Oslo"]
[Date "2013.09.29"]
[Round "4"]
[White "Aarnes, Carl Christian"]
[Black "Roholdt, Njaal"]
[Result "1-0"]
[WhiteElo "1840"]
[BlackElo "1749"]
[PlyCount "83"]
[EventDate "2013.09.29"]
[EventType "swiss"]
[EventRounds "9"]
[EventCountry "NOR"]
[SourceTitle "EXT 2024"]
[Source "ChessBase"]
[SourceDate "2023.10.10"]
[SourceVersion "1"]
[SourceVersionDate "2023.10.10"]
[SourceQuality "1"]

1. d4 f5 2. e4 fxe4 3. f3 e6 4. Nc3 d5 5. Qe2 Nf6 6. fxe4 dxe4 7. Nxe4 Be7 8. Nf3 Nxe4 9. Qxe4 0-0 10. Bd3 g6 11. Bh6 Rf5 12. h4 Qd6 13. 0-0-0 Nd7 14. Bg5 Nf6 15. Bxf6 Bxf6 16. h5 g5 17. Rde1 Qf4+ 18. Kb1 Qxe4 19. Rxe4 h6 20. Bc4 Kf7 21. Rhe1 g4 22. Rxg4 Rxh5 23. Rge4 Bd7 24. Bxe6+ Bxe6 25. Rxe6 Rd8 26. c3 c5 27. dxc5 Rxc5 28. Kc2 b5 29. Ra6 Rd7 30. Ree6 Bg7 31. a3 Rcd5 32. Re4 Rd1 33. Rf4+ Kg8 34. Rg4 Kf7 35. Rag6 Bf6 36. Rxh6 R7d5 37. Rf4 Ra1 38. Rhxf6+ Kg7 39. Rf7+ Kg6 40. R4f6+ Kh5 41. Rg7 Rg1 42. Rh7+ 1-0

[Event "Oslo Elo op"]
[Site "Oslo"]
[Date "2012.09.30"]
[Round "2"]
[White "Aarnes, Carl Christian"]
[Black "Lie, Terje"]
[Result "1-0"]
[WhiteElo "1818"]
[BlackElo "1609"]
[PlyCount "99"]
[EventDate "2012.09.30"]
[EventType "swiss"]
[EventRounds "9"]
[EventCountry "NOR"]
[SourceTitle "EXT 2013"]
[Source "ChessBase"]
[SourceDate "2012.11.22"]
[SourceVersion "1"]
[SourceVersionDate "2012.11.22"]
[SourceQuality "1"]

1. e4 d6 2. d4 Nf6 3. Nc3 g6 4. Nf3 Bg4 5. h3 Bxf3 6. Qxf3 Nc6 7. Bb5 a6 8. Ba4 b5 9. Nxb5 e5 10. d5 axb5 11. Bxb5 Ke7 12. Bxc6 Ra6 13. 0-0 Qb8 14. b3 Qb4 15. Bg5 Bg7 16. Qg4 Rd8 17. c4 Rxc6 18. dxc6 Qc5 19. Qh4 h5 20. Qg3 Qxc6 21. Qe3 Ra8 22. f4 Kf8 23. fxe5 Nxe4 24. Bf6 dxe5 25. Bxg7+ Kxg7 26. Qf3 f5 27. Rfe1 Rd8 28. Rad1 Qc5+ 29. Kh2 Rd4 30. Rxd4 exd4 31. Rd1 Qe5+ 32. Kg1 c5 33. Re1 Qd6 34. a4 d3 35. Qe3 d2 36. Rd1 g5 37. g4 hxg4 38. hxg4 Kg6 39. Kg2 Qc6 40. gxf5+ Kxf5 41. Qf3+ Ke5 42. Rxd2 g4 43. Qe3 Qg6 44. Re2 Qf5 45. Qxc5+ Kf4 46. Qxf5+ Kxf5 47. Rxe4 Kxe4 48. c5 Kd5 49. b4 Kc6 50. Kg3 1-0

[Event "Oslo Elo op"]
[Site "Oslo"]
[Date "2012.09.30"]
[Round "1"]
[White "Johansen, Paul Arne"]
[Black "Aarnes, Carl Christian"]
[Result "1-0"]
[WhiteElo "2124"]
[BlackElo "1818"]
[PlyCount "77"]
[EventDate "2012.09.30"]
[EventType "swiss"]
[EventRounds "9"]
[EventCountry "NOR"]
[SourceTitle "EXT 2013"]
[Source "ChessBase"]
[SourceDate "2012.11.22"]
[SourceVersion "1"]
[SourceVersionDate "2012.11.22"]
[SourceQuality "1"]

1. d4 d5 2. Nf3 g6 3. Bf4 Bg7 4. e3 Nf6 5. c4 0-0 6. h3 c6 7. Nc3 Bf5 8. Bd3 Bxd3 9. Qxd3 dxc4 10. Qxc4 Nd5 11. Be5 Nb6 12. Qb3 N8d7 13. Bxg7 Kxg7 14. Rd1 Qc7 15. 0-0 e6 16. a4 Nd5 17. e4 Nxc3 18. Qxc3 Kg8 19. d5 exd5 20. exd5 c5 21. Rfe1 Qd6 22. Nd2 Rfe8 23. Ne4 Qe5 24. Qxe5 Rxe5 25. Nf6+ Nxf6 26. Rxe5 Kf8 27. d6 Nd7 28. Re7 Rd8 29. Rd3 h5 30. g4 hxg4 31. hxg4 Nf6 32. Rxb7 Nxg4 33. Rxa7 f5 34. a5 Nf6 35. a6 Ne4 36. Rb7 c4 37. Rh3 Kg8 38. a7 Nxd6 39. Rb8 1-0

[Event "Oslo Bockman op"]
[Site "Oslo"]
[Date "2011.04.08"]
[Round "4"]
[White "Rodvik, Trym Daniel"]
[Black "Aarnes, Carl Christian"]
[Result "1-0"]
[WhiteElo "1749"]
[BlackElo "1672"]
[PlyCount "73"]
[EventDate "2011.04.08"]
[EventType "swiss"]
[EventRounds "5"]
[EventCountry "NOR"]
[SourceTitle "CBM 142 Extra"]
[Source "ChessBase"]
[SourceDate "2011.06.27"]
[SourceVersion "1"]
[SourceVersionDate "2011.06.27"]
[SourceQuality "1"]

1. e4 e6 2. d4 d5 3. Nd2 Nf6 4. e5 Nfd7 5. f4 c5 6. c3 Nc6 7. Ndf3 Qb6 8. h4 Be7 9. Ne2 f6 10. Rb1 cxd4 11. cxd4 fxe5 12. fxe5 Qa5+ 13. Nc3 b6 14. Bb5 Bb7 15. a3 Bxa3 16. Ra1 Qb4 17. Rxa3 a6 18. Bxc6 Bxc6 19. Ng5 0-0-0 20. Nf7 Rhf8 21. Nxd8 Kxd8 22. Bg5+ Kc7 23. Rb3 Qc4 24. Be7 Rf4 25. Rb4 Rxd4 26. Qxd4 Qxd4 27. Rxd4 Nxe5 28. 0-0 Kd7 29. Bf8 g6 30. Bg7 Nc4 31. Rxc4 dxc4 32. Rf7+ Kd6 33. Ra7 a5 34. Bd4 b5 35. Rxa5 e5 36. Be3 Ke6 37. Nxb5 1-0

[Event "NOR-chT Clubs"]
[Site "Drammen"]
[Date "2010.10.09"]
[Round "2.67"]
[White "Olsen, Ulrik"]
[Black "Aarnes, Carl Christian"]
[Result "1/2-1/2"]
[WhiteElo "1292"]
[BlackElo "1598"]
[PlyCount "142"]
[EventDate "2010.10.08"]
[EventType "team"]
[EventRounds "6"]
[EventCountry "NOR"]
[SourceTitle "EXT 2015"]
[Source "ChessBase"]
[SourceDate "2014.11.20"]
[SourceVersion "1"]
[SourceVersionDate "2014.11.20"]
[SourceQuality "1"]
[WhiteTeam "OSS V"]
[BlackTeam "Nordstrand II"]
[WhiteTeamCountry "NOR"]
[BlackTeamCountry "NOR"]

1. e4 d5 2. exd5 Qxd5 3. Nf3 Nf6 4. d4 Bg4 5. Be2 e6 6. c4 Qa5+ 7. Bd2 Bb4 8. a3 Bxd2+ 9. Qxd2 Qxd2+ 10. Nbxd2 Nbd7 11. Ne5 Bxe2 12. Nxd7 Nxd7 13. Kxe2 0-0-0 14. Nf3 f6 15. h4 c5 16. Rhd1 Rhe8 17. Rac1 cxd4 18. Nxd4 g6 19. Nb5 Re7 20. Nxa7+ Kb8 21. Nb5 Rc8 22. b3 Ne5 23. Rd6 Nf7 24. Rd2 Rc5 25. Rcd1 Kc8 26. Nd6+ Nxd6 27. Rxd6 Re5+ 28. Kf1 Re4 29. R6d4 Re5 30. b4 b6 31. Re1 Rh5 32. g3 Kc7 33. Kg2 g5 34. hxg5 Rxg5 35. Ree4 Kc6 36. Rg4 Rxg4 37. Rxg4 Ra7 38. Rh4 Kd6 39. Rd4+ Ke5 40. Rd3 Rc7 41. Re3+ Kd6 42. Rd3+ Ke5 43. f4+ Ke4 44. Rd6 Kf5 45. Rxb6 Rxc4 46. Kh3 e5 47. fxe5 fxe5 48. Rb8 e4 49. Rf8+ Ke5 50. Rf1 e3 51. Kg2 Rc3 52. a4 Ke4 53. Re1 Rc2+ 54. Kf1 Kf3 55. b5 Ra2 56. b6 Rxa4 57. Rb1 Ra8 58. b7 Rb8 59. Rb2 h5 60. Rb3 Rd8 61. Rb1 Rb8 62. Rb3 Kxg3 63. Rxe3+ Kf4 64. Rb3 h4 65. Kf2 h3 66. Rb4+ Ke5 67. Kg3 Kd6 68. Kxh3 Kc7 69. Rc4+ Kxb7 70. Rb4+ Kc7 71. Rxb8 Kxb8 1/2-1/2

[Event "Sandefjord GP Group-A"]
[Site "Sandefjord"]
[Date "2006.10.13"]
[Round "1"]
[White "Tiller, Bjorn"]
[Black "Aarnes, Carl Christian"]
[Result "1-0"]
[WhiteElo "2361"]
[BlackElo "1613"]
[PlyCount "85"]
[EventDate "2006.10.13"]
[EventType "swiss"]
[EventRounds "5"]
[EventCountry "NOR"]
[SourceTitle "EXT 2009"]
[Source "ChessBase"]
[SourceDate "2008.11.26"]
[SourceVersion "1"]
[SourceVersionDate "2008.11.26"]
[SourceQuality "1"]

1. e4 c5 2. d3 g6 3. f4 Bg7 4. Nf3 d6 5. g3 Nc6 6. Bg2 Bg4 7. Nbd2 e5 8. f5 f6 9. h3 Bxf3 10. Nxf3 Nge7 11. g4 g5 12. h4 h6 13. Be3 a5 14. a4 b6 15. Nd2 Qc7 16. c3 Rd8 17. Qb3 Rd7 18. Nc4 Nc8 19. hxg5 fxg5 20. 0-0-0 Rf8 21. Kb1 Rdf7 22. Na3 N6a7 23. d4 Qd7 24. dxc5 bxc5 25. Bf1 Qb7 26. Qc2 Rf6 27. Bc4 Ke7 28. Be6 Rd8 29. Nc4 Qc7 30. Qd2 Qc6 31. Bd5 Qxa4 32. Bxg5 hxg5 33. Rh7 Kf8 34. Rxg7 Qxd1+ 35. Qxd1 Kxg7 36. Qd2 Rdf8 37. Qxg5+ Kh7 38. Bg8+ Kh8 39. Ne3 Ne7 40. Be6 Nac6 41. Qh5+ Kg7 42. g5 Rxe6 43. fxe6 1-0